[Event "XVI Festival A"]
[Site "Campobasso ITA"]
[Date "2009.07.26"]
[Round "6"]
[White "Trebeschi, Andrea"]
[Black "Piccoli, Vincenzo"]
[Result "0-1"]
[WhiteElo "2047"]
[BlackElo "2007"]
[PlyCount "118"]
[EventDate "2009.07.24"]

1. e4 c5 2. Nf3 d6 3. d3 a6 4. a4 b6 5. g3 Bb7 6. Qe2 Nf6 7. Bg2 e6 8. O-O Be7
9. Nbd2 O-O 10. Nh4 Nc6 11. c3 Nd7 12. Nhf3 Rc8 13. Ne1 b5 14. axb5 axb5 15. f4
Qb6 16. Kh1 Rfe8 17. Nef3 Bf6 18. Ng5 h6 19. Nh3 b4 20. Nc4 Qc7 21. Bd2 d5 22.
Ne3 dxe4 23. dxe4 bxc3 24. bxc3 Na5 25. Rab1 c4 26. Nf2 Red8 27. Nfg4 Be7 28.
Rfd1 Nc5 29. Nf2 Bc6 30. Be1 Rxd1 31. Nexd1 Ba4 32. Ne3 Bb3 33. Rb2 Na4 34. Rb1
Bc5 35. Ned1 Nc6 36. e5 Bxf2 37. Qxf2 Na7 38. Nb2 Nc5 39. Bd2 Nb5 40. Rc1 Qa5
41. Be3 Nd7 42. Nd1 Qa3 43. Qd2 Nf8 44. Nf2 Qa5 45. Ne4 Rd8 46. Nd6 Nxd6 47.
exd6 Qa3 48. Bd4 Rxd6 49. Re1 Ra6 50. Qe3 Qd6 51. Bh3 Ra2 52. f5 exf5 53. Bxf5
Ba4 54. Be4 Ne6 55. Be5 Qd7 56. Rf1 Ng5 57. Bg2 Bc6 58. Rg1 Nh3 59. Qd4 Nf2+
0-1

[Event "XVI Festival A"]
[Site "Campobasso ITA"]
[Date "2009.07.26"]
[Round "6"]
[White "Vanacore, Francesco"]
[Black "Laudisa, Antonio"]
[Result "1/2-1/2"]
[WhiteElo "2055"]
[BlackElo "1873"]
[PlyCount "32"]
[EventDate "2009.07.24"]

1. e4 c5 2. Nf3 Nc6 3. d4 cxd4 4. Nxd4 e5 5. Nb5 d6 6. N1c3 a6 7. Na3 b5 8. Nd5
Nge7 9. c4 Nd4 10. Nxe7 Bxe7 11. cxb5 O-O 12. bxa6 Bg5 13. Bxg5 Qxg5 14. Nc2
Nxc2+ 15. Qxc2 Bxa6 16. Qd2 Qg6 1/2-1/2

[Event "Open Scacchi a Pieve A"]
[Site "Pieve a Nievole ITA"]
[Date "2009.10.23"]
[Round "1"]
[White "Berutti, Mario"]
[Black "Neubauer, Kai"]
[Result "1/2-1/2"]
[WhiteElo "1718"]
[BlackElo "2047"]
[PlyCount "71"]
[EventDate "2009.10.23"]

1. e4 c5 2. d4 cxd4 3. c3 dxc3 4. Nxc3 Nc6 5. Nf3 d6 6. Bc4 e6 7. O-O Nf6 8.
Qe2 Be7 9. Rd1 e5 10. Nd5 O-O 11. Bg5 Nxd5 12. exd5 Nb8 13. Be3 Bg4 14. h3 Bh5
15. g4 Bg6 16. Rac1 f5 17. Nxe5 dxe5 18. d6+ Kh8 19. dxe7 Qxe7 20. Bb3 Na6 21.
gxf5 Bxf5 22. Qf1 Qh4 23. Kh2 Bg4 24. Rc4 h5 25. Rdc1 Rf3 26. Qg2 Rxh3+ 27. Kg1
Qf6 28. Rxg4 hxg4 29. Qxg4 Rh4 30. Rc8+ Rxc8 31. Qxc8+ Kh7 32. Qg8+ Kg6 33.
Qe8+ Kf5 34. Qd7+ Kg6 35. Qe8+ Kf5 36. Qd7+ 1/2-1/2

[Event "Open Scacchi a Pieve A"]
[Site "Pieve a Nievole ITA"]
[Date "2009.10.24"]
[Round "3"]
[White "Castrogiovanni, Carlo"]
[Black "Berutti, Mario"]
[Result "0-1"]
[WhiteElo "2018"]
[BlackElo "1718"]
[PlyCount "62"]
[EventDate "2009.10.23"]

1. d4 d5 2. Bg5 f5 3. f4 Nf6 4. Bxf6 exf6 5. e3 Bd6 6. Bd3 O-O 7. Qf3 c6 8. Nd2
a5 9. h4 Re8 10. Kf2 b6 11. Qh3 c5 12. Ne2 Nc6 13. Bxf5 cxd4 14. Nxd4 Nxd4 15.
exd4 Bxf4 16. Nf1 Ba6 17. Bd3 Bxd3 18. Qxd3 Qc7 19. Rh3 Re4 20. Ne3 Bxe3+ 21.
Rxe3 Qf4+ 22. Rf3 Qxh4+ 23. Kg1 Rae8 24. c3 Re1+ 25. Rxe1 Qxe1+ 26. Kh2 g5 27.
Rxf6 Re4 28. Qf1 Qh4+ 29. Kg1 Re1 30. Rxb6 Rxf1+ 31. Kxf1 g4 0-1

[Event "Open Scacchi a Pieve A"]
[Site "Pieve a Nievole ITA"]
[Date "2009.10.25"]
[Round "4"]
[White "Berutti, Mario"]
[Black "Corso, Roberto"]
[Result "0-1"]
[WhiteElo "1718"]
[BlackElo "2081"]
[PlyCount "56"]
[EventDate "2009.10.23"]

1. e4 c5 2. d4 cxd4 3. c3 Nf6 4. e5 Nd5 5. cxd4 e6 6. f4 Qc7 7. Nf3 Bb4+ 8. Bd2
Ne3 9. Qe2 Nc2+ 10. Kf2 Bxd2 11. Qxd2 Nxa1 12. Nc3 a6 13. Bd3 d5 14. exd6 Qxd6
15. Rxa1 Nd7 16. f5 Nf6 17. Qg5 O-O 18. g4 h6 19. Qh4 Qf4 20. Rg1 exf5 21. Ne2
Nxg4+ 22. Ke1 Qxf3 23. Rg3 Qf2+ 24. Kd2 Re8 25. h3 g5 26. Qh5 Rxe2+ 27. Bxe2
Qxg3 28. hxg4 fxg4 0-1

[Event "Open Scacchi a Pieve A"]
[Site "Pieve a Nievole ITA"]
[Date "2009.10.25"]
[Round "5"]
[White "Tocchioni, Maurizio"]
[Black "Berutti, Mario"]
[Result "1/2-1/2"]
[WhiteElo "1924"]
[BlackElo "1718"]
[PlyCount "62"]
[EventDate "2009.10.23"]

1. d4 d5 2. c4 e6 3. Nc3 f5 4. cxd5 exd5 5. Qb3 Nf6 6. Bg5 c6 7. e3 Bd6 8. Bd3
O-O 9. Nge2 Nbd7 10. Bxf5 Qe8 11. e4 Bc7 12. exd5 cxd5 13. O-O Bxh2+ 14. Kxh2
Qh5+ 15. Kg1 Qxg5 16. Nxd5 Kh8 17. Ne3 Nh5 18. f4 Qe7 19. Qd3 Ndf6 20. Bxc8
Raxc8 21. Nc4 Nd5 22. g3 Nb4 23. Qf3 Rxc4 24. Qxh5 Rc2 25. Rf2 Nd3 26. Rh2 Qe3+
27. Kf1 h6 28. Qg6 Kg8 29. Rd1 Qf3+ 30. Kg1 Qe3+ 31. Kf1 Qf3+ 1/2-1/2

[Event "XXVII Festival Isola d'Elba B"]
[Site "Capoliveri ITA"]
[Date "2009.05.11"]
[Round "2"]
[White "Berutti, Mario"]
[Black "Cavaterra, Umberto"]
[Result "0-1"]
[WhiteElo "1724"]
[BlackElo "1802"]
[PlyCount "94"]
[EventDate "2009.05.10"]

1. e4 e5 2. Nf3 Nf6 3. d4 exd4 4. e5 Nd5 5. Qxd4 Nb6 6. Bd3 Nc6 7. Qe4 Be7 8.
c3 d5 9. exd6 Qxd6 10. O-O Be6 11. Bf4 Qd7 12. b4 O-O-O 13. Bc2 Bf6 14. Ne5
Nxe5 15. Bxe5 Bxe5 16. Qxe5 g6 17. Na3 Qd5 18. Qxd5 Nxd5 19. Bb3 Nxc3 20. Bxe6+
fxe6 21. Rfe1 Rhe8 22. Rac1 Nxa2 23. Rc4 a6 24. Nc2 Rd3 25. Ra1 Red8 26. Ne3
Nc3 27. Kf1 Nb5 28. Re4 Re8 29. Ng4 Rd4 30. Rae1 Rxe4 31. Rxe4 Nc3 32. Rc4 Nd5
33. Ke1 c6 34. Ne5 Kc7 35. Kd2 Rf8 36. f3 Rf4 37. Rxf4 Nxf4 38. g3 Nd5 39. Nd3
b6 40. Kc2 Kd6 41. Kb3 Ne3 42. h4 Nf5 43. Nb2 Nxg3 44. Nc4+ Kc7 45. Ne5 Nf5 46.
Nf7 Nd4+ 47. Kc4 Nxf3 0-1

[Event "Open D"]
[Site "Bratto - Castione della Presolana ITA"]
[Date "2009.08.22"]
[Round "1"]
[White "De Palo, Lorenzo"]
[Black "Azzolin, Dario"]
[Result "1-0"]
[WhiteElo "1356"]
[BlackElo "1437"]
[PlyCount "129"]
[EventDate "2009.08.22"]

1. e4 e5 2. Nf3 d6 3. Bc4 Be6 4. b3 Nf6 5. Qe2 g6 6. c3 Bh6 7. O-O O-O 8. d4
exd4 9. cxd4 d5 10. Bxh6 Re8 11. Bd3 Qd6 12. Re1 Ng4 13. exd5 Nxh6 14. dxe6
Rxe6 15. Qd2 Ng4 16. Rxe6 Qxe6 17. Nc3 Nc6 18. Nb5 Qd7 19. Bc4 a6 20. Nc3 Re8
21. h3 Nf6 22. d5 Ne5 23. Nxe5 Rxe5 24. Re1 Rf5 25. g4 Rf3 26. Kg2 Rxh3 27.
Kxh3 Qxg4+ 28. Kh2 Qh4+ 29. Kg2 Qg4+ 30. Kf1 Qh3+ 31. Ke2 Qg4+ 32. f3 Qg2+ 33.
Kd1 Qxf3+ 34. Be2 Qf5 35. d6 cxd6 36. Qxd6 Ne4 37. Qd8+ Kg7 38. Qd4+ Nf6 39.
Rf1 Qg5 40. Ne4 Qd5 41. Qxd5 Nxd5 42. Kd2 f5 43. Nd6 b5 44. Nxf5+ gxf5 45. Rxf5
Nf6 46. a4 Ne4+ 47. Ke3 Nc3 48. axb5 axb5 49. Bxb5 Kg6 50. Bd3 Kg7 51. b4 Na4
52. b5 Nb6 53. Kd4 Kg6 54. Ke5 h5 55. Rf6+ Kg5 56. Rxb6 Kg4 57. Rg6+ Kf3 58. b6
h4 59. b7 h3 60. b8=Q h2 61. Rh6 Kg2 62. Rxh2+ Kxh2 63. Qg8 Kh3 64. Kf4 Kh2 65.
Bf1 1-0

[Event "Open D"]
[Site "Bratto - Castione della Presolana ITA"]
[Date "2009.08.23"]
[Round "2"]
[White "Monzeglio, Graziella"]
[Black "De Palo, Lorenzo"]
[Result "0-1"]
[WhiteElo "1338"]
[BlackElo "1356"]
[PlyCount "44"]
[EventDate "2009.08.22"]

1. d4 d5 2. Nf3 Nf6 3. e3 Nbd7 4. Bd3 g6 5. c3 Bg7 6. Nbd2 c6 7. O-O Qc7 8. e4
O-O 9. exd5 cxd5 10. Re1 Re8 11. c4 e5 12. cxd5 Nxd5 13. Bc4 N5b6 14. Qb3 Nxc4
15. Nxc4 b6 16. dxe5 Ba6 17. Nd6 Re6 18. Bf4 Nxe5 19. Nxe5 Qxd6 20. Rad1 Qc7
21. Rd7 Qxd7 22. Nxd7 Rxe1# 0-1

[Event "Open D"]
[Site "Bratto - Castione della Presolana ITA"]
[Date "2009.08.24"]
[Round "3"]
[White "Piemonti, Alice"]
[Black "Geuna, Pietro"]
[Result "0-1"]
[WhiteElo "1317"]
[BlackElo "1446"]
[PlyCount "52"]
[EventDate "2009.08.22"]

1. e4 c5 2. Nf3 d6 3. d4 cxd4 4. Nxd4 Nf6 5. Nc3 g6 6. f3 Bg7 7. Bd3 O-O 8. O-O
Nfd7 9. Be3 Nc5 10. Re1 Nbd7 11. Qd2 e6 12. Ndb5 a6 13. Nxd6 Nxd3 14. cxd3 Ne5
15. Bc5 Qc7 16. b4 b6 17. Ndb5 axb5 18. Bxf8 Bxf8 19. Nxb5 Qd7 20. a4 Qxd3 21.
Qg5 Bg7 22. Rad1 f6 23. Qxe5 Qxd1 24. Qxe6+ Bxe6 25. Rxd1 Rxa4 26. Nd4 Kf7 0-1

[Event "Open B"]
[Site "Bratto - Castione della Presolana ITA"]
[Date "2009.08.22"]
[Round "1"]
[White "Attuati, Stefano"]
[Black "Melone, Antonio"]
[Result "0-1"]
[WhiteElo "1776"]
[BlackElo "1881"]
[PlyCount "102"]
[EventDate "2009.08.22"]

1. e4 c6 2. d4 d5 3. Nc3 dxe4 4. Nxe4 Nd7 5. Bc4 e6 6. Nf3 Ngf6 7. Ng3 Bd6 8.
Qe2 Nb6 9. Bd3 Qc7 10. Ne5 Nbd5 11. a3 c5 12. Bb5+ Bd7 13. Nf5 O-O 14. Nxd6
Qxd6 15. Bxd7 Nxd7 16. Nxd7 Qxd7 17. dxc5 Qc6 18. Qg4 Nf6 19. Qg5 Qe4+ 20. Be3
Qxc2 21. O-O Rfd8 22. b4 Rd5 23. Qg3 Qd3 24. Qf3 Rad8 25. h3 Qb3 26. Rfb1 Qc4
27. Rd1 h6 28. Rxd5 Nxd5 29. Qd1 Qh4 30. Qb3 a6 31. Rd1 Rc8 32. Rd4 Qh5 33. Rd1
Qe2 34. Qd3 Qh5 35. Qb3 Qe2 36. Qd3 Qh5 37. Rc1 Rf8 38. Qd4 Rc8 39. a4 Qe2 40.
Qd2 Qh5 41. b5 axb5 42. axb5 Qh4 43. Qd4 Qe7 44. Bf4 Qd7 45. Qd3 Qe7 46. Be3
Qd7 47. Ra1 Qe7 48. Bd4 Rd8 49. Qg3 g5 50. Re1 Nf4 51. Re4 Rxd4 0-1

[Event "Open B"]
[Site "Bratto - Castione della Presolana ITA"]
[Date "2009.08.22"]
[Round "1"]
[White "Manino, Edoardo"]
[Black "Galuzzi, Bruno"]
[Result "1-0"]
[WhiteElo "1889"]
[BlackElo "1784"]
[PlyCount "131"]
[EventDate "2009.08.22"]

1. d4 f5 2. c4 e6 3. Nf3 Nf6 4. g3 c6 5. Bg2 d5 6. O-O Bd6 7. b3 Qe7 8. a4 a5
9. Ba3 Bxa3 10. Nxa3 O-O 11. Nc2 b6 12. Ne5 Bb7 13. Ne3 Nbd7 14. Nd3 g6 15. Rc1
Rac8 16. Qd2 Ne4 17. Qb2 c5 18. cxd5 exd5 19. Rfd1 Rfd8 20. Qa3 Qf8 21. Nf4
cxd4 22. Qxf8+ Nxf8 23. Rxc8 Rxc8 24. Nexd5 Bxd5 25. Nxd5 Nc3 26. Nxc3 dxc3 27.
Bd5+ Kg7 28. Bc4 Rc7 29. Rc1 Nd7 30. Rxc3 Ne5 31. f4 Nxc4 32. Rxc4 Re7 33. Kf2
Re6 34. Kf3 Kf6 35. e4 fxe4+ 36. Rxe4 Rc6 37. Rc4 Re6 38. Re4 Rc6 39. Rc4 Re6
40. h3 h6 41. g4 Rd6 42. Ke3 Re6+ 43. Kd3 Rd6+ 44. Rd4 Rc6 45. Rd5 Re6 46. g5+
hxg5 47. fxg5+ Ke7 48. Kd4 Rc6 49. h4 Kf7 50. Rd7+ Ke6 51. Rg7 Kf5 52. Rf7+ Kg4
53. Rf6 Rc1 54. Rxg6 Kxh4 55. Rxb6 Kxg5 56. Rb5+ Kf6 57. Rxa5 Rb1 58. Ra6+ Ke7
59. Kc4 Kd7 60. b4 Rc1+ 61. Kb5 Kc7 62. Rh6 Rc3 63. a5 Rc2 64. Ka6 Rc4 65. Rh7+
Kc6 66. b5+ 1-0

[Event "Open B"]
[Site "Bratto - Castione della Presolana ITA"]
[Date "2009.08.23"]
[Round "2"]
[White "Melone, Antonio"]
[Black "Scali, Fausto"]
[Result "1-0"]
[WhiteElo "1881"]
[BlackElo "1895"]
[PlyCount "85"]
[EventDate "2009.08.22"]

1. d4 d5 2. c4 c6 3. Nc3 Nf6 4. Nf3 Bf5 5. e3 e6 6. Be2 Nbd7 7. O-O Bd6 8. cxd5
exd5 9. Nd2 O-O 10. Re1 Re8 11. Bf3 Qc7 12. Nf1 Ne4 13. Bd2 Ndf6 14. Rc1 Qd7
15. a3 Re6 16. Ng3 Nxg3 17. hxg3 Ne4 18. Nxe4 dxe4 19. Be2 Rh6 20. Bb4 Bxb4 21.
axb4 Re8 22. b5 cxb5 23. Rc5 a6 24. g4 Be6 25. g5 Rg6 26. Bh5 b6 27. Re5 f6 28.
gxf6 gxf6 29. Bxg6 hxg6 30. Rxe4 Kg7 31. d5 Bf5 32. Rxe8 Qxe8 33. Qd4 Qe4 34.
Qxb6 Qxd5 35. Qxa6 Be4 36. Qa7+ Kh6 37. Qc7 Qd2 38. Qc1 Qd5 39. f3 Bd3 40. e4+
Qg5 41. Qxg5+ Kxg5 42. Kf2 f5 43. e5 1-0

[Event "Open B"]
[Site "Bratto - Castione della Presolana ITA"]
[Date "2009.08.26"]
[Round "5"]
[White "Astanovskaya, Yulia"]
[Black "Manino, Edoardo"]
[Result "0-1"]
[WhiteElo "1910"]
[BlackElo "1889"]
[PlyCount "128"]
[EventDate "2009.08.22"]

1. e4 e6 2. d4 d5 3. e5 c5 4. c3 Nc6 5. Nf3 Qb6 6. a3 Nh6 7. Bd3 cxd4 8. cxd4
Nf5 9. Bxf5 exf5 10. Nc3 Be6 11. O-O a5 12. Qa4 Be7 13. b4 O-O 14. b5 Nb8 15.
Qb3 Qd8 16. Ne1 Nd7 17. Nxd5 Nxe5 18. Nxe7+ Qxe7 19. d5 Bd7 20. Bb2 a4 21. Qe3
Rfe8 22. d6 Qxd6 23. Qg3 f6 24. Nc2 Nc4 25. Rfd1 Qxg3 26. hxg3 Bxb5 27. Bc3
Rad8 28. Nd4 Bc6 29. Bb4 g6 30. Rac1 Ne5 31. f3 Kf7 32. Kf2 Rc8 33. Nxc6 Rxc6
34. Rxc6 bxc6 35. Bc5 Rb8 36. Bb4 Ke8 37. Rd6 Rd8 38. Re6+ Kd7 39. Re7+ Kc8 40.
Ra7 c5 41. Bc3 Rd3 42. Bxe5 fxe5 43. Rxa4 Kb7 44. Ke2 Rb3 45. Ra5 Kb6 46. Ra8
Rb2+ 47. Kf1 Ra2 48. a4 c4 49. Re8 Kc5 50. Rxe5+ Kb4 51. Re7 Rxa4 52. Rb7+ Kc3
53. Rc7 Kd3 54. Rd7+ Kc2 55. Ke2 c3 56. Rc7 Ra6 57. Ke3 Rd6 58. g4 fxg4 59.
fxg4 Kb2 60. Rb7+ Kc1 61. Rc7 c2 62. Ke2 Rb6 63. Kd3 Rb2 64. Rxh7 Kb1 0-1

[Event "Open U16"]
[Site "Torino ITA"]
[Date "2009.04.11"]
[Round "5"]
[White "Pogonea, Cozmin"]
[Black "Laudisio, Igor"]
[Result "1-0"]
[WhiteElo "1467"]
[BlackElo "1467"]
[PlyCount "55"]
[EventDate "2009.04.09"]

1. e4 e6 2. d4 d5 3. Nc3 Nf6 4. e5 Nfd7 5. f4 c5 6. Nf3 Nc6 7. Be3 a6 8. Qd2 b5
9. Ne2 Be7 10. a4 b4 11. dxc5 Nxc5 12. Bxc5 Bxc5 13. Ned4 Nxd4 14. Nxd4 Qb6 15.
c3 bxc3 16. bxc3 Bd7 17. Be2 O-O 18. Bd3 g6 19. Bc2 Rfc8 20. h4 Qc7 21. Ne2
Rab8 22. h5 Qa7 23. hxg6 fxg6 24. Qd3 Bf2+ 25. Kd2 Bb6 26. Rxh7 Be3+ 27. Kd1
Bxa4 28. Qxg6+ 1-0

[Event "I Open Alfa Lum A"]
[Site "Cagliari ITA"]
[Date "2009.08.28"]
[Round "1"]
[White "Costa, Gabriele"]
[Black "Saccheri, Fabio"]
[Result "0-1"]
[WhiteElo "1320"]
[BlackElo "1742"]
[PlyCount "40"]
[EventDate "2009.08.28"]

1. e4 c5 2. Nf3 d6 3. d4 cxd4 4. Nxd4 Nf6 5. Nc3 g6 6. f3 Bg7 7. Be3 Nc6 8. Bc4
Bd7 9. Qd2 Ne5 10. Bb3 O-O 11. O-O-O Rc8 12. h4 Nc4 13. Bxc4 Rxc4 14. g4 a6 15.
Rdg1 b5 16. h5 b4 17. Nd5 Nxd5 18. exd5 Qa5 19. Nb3 Qxa2 20. Nd4 Qa1# 0-1

[Event "I Open Alfa Lum A"]
[Site "Cagliari ITA"]
[Date "2009.08.28"]
[Round "1"]
[White "Erriu, Giampiero"]
[Black "Melis, Daniele"]
[Result "1-0"]
[WhiteElo "1757"]
[BlackElo "1368"]
[PlyCount "67"]
[EventDate "2009.08.28"]

1. d4 Nf6 2. c4 e6 3. Nc3 Bb4 4. Qc2 b6 5. e4 Bxc3+ 6. bxc3 Bb7 7. Bd3 c5 8.
Nf3 d6 9. Bg5 h6 10. Bh4 g5 11. Bg3 Nh5 12. O-O Nxg3 13. fxg3 Qe7 14. dxc5 dxc5
15. Ne5 O-O 16. Rf2 Nc6 17. Ng4 h5 18. Nf6+ Kh8 19. Nxh5 f6 20. Raf1 Ne5 21.
Nxf6 Qg7 22. Qe2 Qg6 23. Bc2 Rad8 24. h3 Rf7 25. Ng4 Rxf2 26. Rxf2 Nd7 27. e5
Qg7 28. Nf6 Qh6 29. Nxd7 Rxd7 30. Rf6 Qg7 31. Qh5+ Kg8 32. Rg6 Qxg6 33. Qxg6+
Rg7 34. Qe8# 1-0

[Event "I Open Alfa Lum A"]
[Site "Cagliari ITA"]
[Date "2009.08.28"]
[Round "1"]
[White "Lobina, Giulio"]
[Black "Pani, Luca"]
[Result "0-1"]
[WhiteElo "1775"]
[BlackElo "1500"]
[PlyCount "96"]
[EventDate "2009.08.28"]

1. b4 d5 2. Bb2 Nf6 3. e3 e6 4. b5 c5 5. Nf3 Bd6 6. a4 Nbd7 7. c4 O-O 8. h4 e5
9. cxd5 e4 10. Ng5 h6 11. Nc3 Re8 12. Nh3 Ne5 13. Qc2 c4 14. Ng5 Bf5 15. f4
Nd3+ 16. Bxd3 cxd3 17. Qd1 Bg4 18. Qb1 hxg5 19. hxg5 Nh5 20. Rh4 f5 21. Kf2
Bxf4 22. Rxh5 Bxe3+ 23. dxe3 Bxh5 24. Qa2 Bf7 25. Rh1 Re5 26. Qa1 Qc7 27. Rh4
Bg6 28. Qh1 Rc8 29. Qh2 f4 30. Rxf4 Rf5 31. g3 d2 32. Qh1 Re8 33. Qd1 Rxf4+ 34.
gxf4 Qd7 35. Kg3 Kf7 36. Qxd2 Rh8 37. Qg2 Qe7 38. Qd2 Qd7 39. Qg2 Qe7 40. Ne2
Bf5 41. Nd4 Bd7 42. Qe2 Ke8 43. Qc2 Rh3+ 44. Kg2 Rxe3 45. Qc1 Rd3 46. Qc2 Qf7
47. Qf2 Qh5 48. Ne2 Qh3+ 0-1

[Event "I Open Alfa Lum A"]
[Site "Cagliari ITA"]
[Date "2009.08.28"]
[Round "1"]
[White "Massa, Gianluca"]
[Black "Boi, Fausto"]
[Result "1-0"]
[WhiteElo "1545"]
[BlackElo "1830"]
[PlyCount "111"]
[EventDate "2009.08.28"]

1. d4 d6 2. c4 Nc6 3. Nc3 Bg4 4. f3 Bh5 5. Bf4 Bg6 6. e4 e6 7. Nge2 Nf6 8. Ng3
h5 9. d5 Ne7 10. Bd3 a6 11. a4 h4 12. Nge2 h3 13. g3 e5 14. Be3 Nd7 15. b4 Bh5
16. Rf1 Nc8 17. Qd2 Be7 18. Nc1 Bf6 19. Nb3 Rb8 20. c5 dxc5 21. bxc5 Be7 22.
Qf2 Bg5 23. Rb1 O-O 24. Na5 Qe8 25. Bxg5 Bg6 26. Rxb7 Rxb7 27. Nxb7 f5 28. c6
Ndb6 29. a5 Na8 30. Qa2 Kh8 31. Nc5 Nd6 32. Nxa6 fxe4 33. fxe4 Nf7 34. Be3 Bh5
35. Be2 Bg6 36. Nc5 Qe7 37. Nd7 Rg8 38. Qb2 Ng5 39. Bxg5 Qxg5 40. Qd2 Qe7 41.
Qb2 Re8 42. Bg4 Qg5 43. Qe2 Qc1+ 44. Nd1 Qa3 45. Bf5 Bf7 46. Bxh3 Qb4+ 47. Kf2
Qxa5 48. Kg1 Kg8 49. Rxf7 Kxf7 50. Qh5+ Ke7 51. Qg5+ Kf7 52. Be6+ Rxe6 53.
dxe6+ Kg8 54. Nf2 Qb4 55. Qd8+ Kh7 56. e7 1-0

[Event "I Open Alfa Lum A"]
[Site "Cagliari ITA"]
[Date "2009.08.28"]
[Round "1"]
[White "Me, Gianantonio"]
[Black "Dessy, Eugenio"]
[Result "1-0"]
[WhiteElo "1978"]
[BlackElo "1665"]
[PlyCount "67"]
[EventDate "2009.08.28"]

1. Nf3 Nf6 2. c4 g6 3. Nc3 Bg7 4. e4 d6 5. d4 O-O 6. Be2 e5 7. d5 a5 8. Bg5 h6
9. Bh4 g5 10. Bg3 Na6 11. O-O Nc5 12. Nd2 Ne8 13. f3 Nf6 14. Bf2 Nh5 15. g3 f5
16. f4 g4 17. fxe5 Bxe5 18. exf5 Bxf5 19. Bxg4 Ng7 20. Bxf5 Rxf5 21. Nf3 Bxc3
22. bxc3 Ne4 23. Bd4 Qd7 24. Qd3 Nc5 25. Qe3 Raf8 26. Nh4 Rxf1+ 27. Rxf1 Rxf1+
28. Kxf1 Qf7+ 29. Kg2 Kh7 30. Bxc5 dxc5 31. Qxc5 Qh5 32. Qe3 b5 33. Qd3+ Kg8
34. cxb5 1-0

[Event "I Open Alfa Lum A"]
[Site "Cagliari ITA"]
[Date "2009.08.28"]
[Round "1"]
[White "Nessi, Davide"]
[Black "Putzolu, Marcello"]
[Result "0-1"]
[WhiteElo "1584"]
[BlackElo "1872"]
[PlyCount "74"]
[EventDate "2009.08.28"]

1. d4 d5 2. c4 c6 3. e3 Nf6 4. Nc3 Bf5 5. Bd3 Bxd3 6. Qxd3 e6 7. Nf3 Be7 8. Bd2
Nbd7 9. Rc1 O-O 10. cxd5 cxd5 11. O-O Rc8 12. a3 Nb6 13. Ne5 Nc4 14. Nxc4 Rxc4
15. f3 a6 16. b4 b5 17. Be1 Qd7 18. Bf2 Rfc8 19. e4 dxe4 20. fxe4 Ng4 21. d5
Nxf2 22. Rxf2 Qc7 23. Rfc2 Bf6 24. d6 Qc6 25. g3 Bxc3 26. Rxc3 Rxc3 27. Rxc3
Qxc3 28. d7 Qc1+ 29. Kg2 Rd8 30. Qd6 Qg5 31. h4 Qg4 32. e5 Qe4+ 33. Kh3 Qb7 34.
Qe7 Qxd7 35. Qc5 h5 36. Qb6 Qd1 37. Qf2 Qh1+ 0-1

[Event "I Open Alfa Lum A"]
[Site "Cagliari ITA"]
[Date "2009.08.28"]
[Round "1"]
[White "Palmas, Alessandro"]
[Black "Serra, Mattia"]
[Result "1/2-1/2"]
[WhiteElo "1820"]
[BlackElo "1518"]
[PlyCount "42"]
[EventDate "2009.08.28"]

1. e4 c6 2. d4 d5 3. exd5 cxd5 4. Bd3 Nc6 5. Nf3 Bg4 6. c3 e6 7. Bf4 Bd6 8.
Bxd6 Qxd6 9. O-O Nf6 10. Nbd2 O-O 11. Re1 Rab8 12. h3 Bh5 13. Qc2 Bg6 14. Bxg6
hxg6 15. Ne5 Qc7 16. Rac1 Rfc8 17. Nxc6 bxc6 18. b4 a5 19. a3 axb4 20. axb4 Ra8
21. Ra1 Qb7 1/2-1/2

[Event "I Open Alfa Lum A"]
[Site "Cagliari ITA"]
[Date "2009.08.28"]
[Round "1"]
[White "Ravagnani, Tiziano"]
[Black "Pili, Giangiuseppe"]
[Result "1/2-1/2"]
[WhiteElo "2053"]
[BlackElo "1698"]
[PlyCount "98"]
[EventDate "2009.08.28"]

1. e4 c6 2. d4 d5 3. Nc3 e6 4. Nf3 Bb4 5. e5 Ne7 6. a3 Bxc3+ 7. bxc3 b6 8. Bd3
Ba6 9. O-O Bxd3 10. Qxd3 Nf5 11. Bg5 Qc7 12. g4 Ne7 13. Nh4 h6 14. Bd2 h5 15.
g5 g6 16. c4 Nd7 17. cxd5 cxd5 18. Bb4 Qc4 19. Qxc4 dxc4 20. Bxe7 Kxe7 21. a4
c3 22. Ng2 Nb8 23. Ra3 Rc8 24. Ne3 Nc6 25. Rd1 Nb4 26. Rb3 Nd5 27. Rd3 Nf4 28.
Rd1 Nh3+ 29. Kf1 Nxg5 30. Rd3 Nf3 31. Ke2 Nxh2 32. Rbxc3 Rxc3 33. Rxc3 Rd8 34.
Rc7+ Rd7 35. Rxd7+ Kxd7 36. f3 g5 37. Kf2 g4 38. fxg4 Nxg4+ 39. Nxg4 hxg4 40.
Kg3 Kc6 41. c4 a6 42. Kxg4 b5 43. cxb5+ axb5 44. axb5+ Kxb5 45. Kf4 Kb4 46. Ke3
Kc3 47. Ke4 Kd2 48. d5 exd5+ 49. Kxd5 Ke3 1/2-1/2

[Event "I Open Alfa Lum A"]
[Site "Cagliari ITA"]
[Date "2009.08.28"]
[Round "1"]
[White "Rocco, Luciano"]
[Black "Maldarelli, Lorenzo"]
[Result "0-1"]
[WhiteElo "1506"]
[BlackElo "1798"]
[PlyCount "138"]
[EventDate "2009.08.28"]

1. d4 Nf6 2. c4 c5 3. d5 e6 4. Nc3 exd5 5. cxd5 d6 6. h3 g6 7. e4 Bg7 8. Bb5+
Bd7 9. Bf4 Bxb5 10. Nxb5 Nxe4 11. Qc2 O-O 12. Ne2 f5 13. O-O a6 14. Nbc3 Nxc3
15. bxc3 Qc7 16. Rab1 Nd7 17. c4 Rfe8 18. Rfe1 Nf6 19. Nc3 Nh5 20. Bh2 Qa5 21.
Ne2 f4 22. Kf1 Rf8 23. g4 fxg3 24. Nxg3 Bd4 25. Re2 Nf4 26. Ne4 Nxe2 27. Qxe2
Be5 28. Bxe5 dxe5 29. Rxb7 Qa3 30. Rb3 Qc1+ 31. Kg2 Rf4 32. f3 Rh4 33. d6 Qh6
34. Nf6+ Kh8 35. Qxe5 Qd2+ 36. Kg3 Qd4 37. Ng4+ Qxe5+ 38. Nxe5 Rd4 39. d7 Kg7
40. Rb7 Rd8 41. h4 Rd6 42. f4 h5 43. Rc7 Rd2 44. a4 Kf6 45. Rxc5 Rb8 46. Rc6+
Ke7 47. Nxg6+ Kxd7 48. Ne5+ Ke8 49. Re6+ Kf8 50. Ng6+ Kf7 51. f5 Rd4 52. Ne5+
Kf8 53. Ng6+ Kg8 54. Ne7+ Kf7 55. Nc6 Rb3+ 56. Kf2 Rd2+ 57. Re2 Rxe2+ 58. Kxe2
Rh3 59. a5 Rxh4 60. Nb4 Rxc4 61. Nxa6 Ra4 62. Nc5 Rxa5 63. Nd3 Rxf5 64. Ke3 Kf6
65. Nf4 Kg5 66. Nh3+ Kg4 67. Nf2+ Kg3 68. Ne4+ Kg2 69. Nd6 Rf8 0-1

[Event "I Open Alfa Lum A"]
[Site "Cagliari ITA"]
[Date "2009.08.28"]
[Round "1"]
[White "Sitzia, Carlo"]
[Black "Lobina, Paolo"]
[Result "0-1"]
[WhiteElo "1487"]
[BlackElo "1767"]
[PlyCount "73"]
[EventDate "2009.08.28"]

1. d4 e6 2. c4 Nf6 3. Nc3 b6 4. Nf3 Bb7 5. Bf4 a6 6. e3 d5 7. Bd3 dxc4 8. Bxc4
Bd6 9. O-O Bxf4 10. exf4 O-O 11. Re1 Qd6 12. g3 Nc6 13. Bf1 Rad8 14. Ne2 Qb4
15. b3 Rd6 16. Qd2 Qxd2 17. Nxd2 Nxd4 18. Nxd4 Rxd4 19. Nc4 Rfd8 20. Bg2 Bxg2
21. Kxg2 b5 22. Ne5 Rd2 23. Nf3 Rc2 24. Rec1 Rxc1 25. Rxc1 Nd5 26. Ne5 f6 27.
Nc6 Rd6 28. Na5 Kf7 29. Nb7 Rb6 30. Nd8+ Ke7 31. Nc6+ Kd6 32. Nd4 c5 33. Nf3
Rb7 34. Nd2 f5 35. Nf3 b4 36. Ne5 h6 37. Nf7+ 0-1

[Event "I Open Alfa Lum A"]
[Site "Cagliari ITA"]
[Date "2009.08.28"]
[Round "1"]
[White "Sorcinelli, Andrea"]
[Black "Di Pinto, Vincenzo"]
[Result "1-0"]
[WhiteElo "1833"]
[BlackElo "1571"]
[PlyCount "68"]
[EventDate "2009.08.28"]

1. e4 e5 2. Bc4 Bc5 3. Qg4 Qe7 4. Qxg7 Qf6 5. Qxf6 Nxf6 6. d3 Ng4 7. Nh3 Nc6 8.
Nc3 Na5 9. Bb3 Nxb3 10. axb3 d6 11. Na4 Bd4 12. c3 Bb6 13. Nxb6 cxb6 14. O-O f5
15. exf5 Bxf5 16. d4 Bd3 17. Re1 Kd7 18. dxe5 Nxe5 19. Bf4 Nf7 20. Ng5 Nxg5 21.
Bxg5 Bc2 22. b4 Kc6 23. Re7 Rhg8 24. h4 d5 25. Rae1 Bf5 26. R1e5 Raf8 27. f3
Kd6 28. g4 Bc8 29. Kg2 h5 30. Kg3 hxg4 31. fxg4 Rf1 32. Re1 Rgf8 33. R7e3 R1f2
34. R1e2 Rf1 1-0

[Event "I Open Alfa Lum A"]
[Site "Cagliari ITA"]
[Date "2009.08.28"]
[Round "1"]
[White "Sotgiu, Roberto"]
[Black "Puzzoni, Christian"]
[Result "0-1"]
[WhiteElo "1726"]
[BlackElo "2101"]
[PlyCount "65"]
[EventDate "2009.08.28"]

1. e4 e6 2. d4 b6 3. Nc3 Bb7 4. Bd3 c5 5. Nge2 cxd4 6. Nxd4 Bc5 7. Nb3 Nf6 8.
Nxc5 bxc5 9. O-O d6 10. Re1 Nc6 11. Bg5 Qa5 12. Qd2 O-O-O 13. a3 Nd4 14. b4 Qc7
15. bxc5 dxc5 16. e5 h6 17. Be3 Qc6 18. f3 Nxf3+ 19. gxf3 Qxf3 20. Rf1 Qh1+ 21.
Kf2 Qxh2+ 22. Ke1 Qxe5 23. Kd1 c4 24. Bf4 Qa5 25. Rb1 cxd3 26. cxd3 Rd7 27. Rc1
Kd8 28. Ke2 e5 29. Be3 e4 30. d4 Ba6+ 31. Ke1 Re8 32. Nb1 Qxd2+ 33. Nxd2 0-1